| Tag |
First Indicator |
Second Indicator |
Subfields |
| LEADER |
00000cjm a2200000 a 4500 |
| 001 |
in00001406773 |
| 005 |
20240529163547.0 |
| 007 |
sd fungnn|||ee |
| 008 |
910927p19911961xx synn di n lat d |
| 019 |
|
|
|a 29065413
|a 1201830732
|
| 028 |
0 |
2 |
|a SM2K 46294
|b Sony Classical
|
| 029 |
1 |
|
|a AU@
|b 000013991814
|
| 029 |
1 |
|
|a AU@
|b 000040840019
|
| 029 |
1 |
|
|a DKDLA
|b 800010-katalog:99122027322605763
|
| 033 |
2 |
0 |
|a 1961----
|a 1965----
|b 4364
|c H7
|b 3804
|c N4
|b 3464
|c T7
|
| 035 |
|
|
|a (OCoLC)ocm24465529
|
| 035 |
|
|
|a (OCoLC)24465529
|z (OCoLC)29065413
|z (OCoLC)1201830732
|
| 035 |
|
|
|a (OCoLC)ocm24465529
|
| 040 |
|
|
|a UUP
|b eng
|c UUP
|d VRU
|d CPL
|d MNU
|d TXA
|d VP@
|d MTG
|d LS1
|d OCLCQ
|d OCLCA
|d OCLCQ
|d OCLCO
|d OCLCF
|d OCLCQ
|d GILDS
|d OCLCO
|d OCLCA
|d CNO
|d OCLCO
|d TJC
|d NJT
|d OCLCO
|d OCL
|d OCLCQ
|d WSU
|d CFI
|d XQM
|d OCL
|d OCLCO
|d OCLCQ
|d OCLCO
|d OCLCQ
|d OCLCO
|d OCLCL
|
| 041 |
0 |
|
|d lat
|d eng
|e lat
|e eng
|e fre
|e ger
|n lat
|g eng
|g fre
|g ger
|
| 045 |
1 |
|
|b d1907
|b d1945
|b d1940
|b d1930
|
| 048 |
|
|
|a oa
|
| 048 |
|
|
|a ca
|a oa
|
| 050 |
|
4 |
|a M1001.S932
|b S96 1991
|
| 082 |
0 |
4 |
|a 784.2184
|2 20
|
| 100 |
1 |
|
|a Stravinsky, Igor,
|d 1882-1971.
|1 https://id.oclc.org/worldcat/entity/E39PCjwhw7CJVHjrDYKJ88W8kC
|
| 240 |
1 |
0 |
|a Works.
|k Selections
|
| 245 |
1 |
0 |
|a Symphonies, rehearsals, and talks /
|c Stravinsky.
|
| 260 |
|
|
|a [Place of publication not identified] :
|b Sony Classical,
|c ℗1991.
|
| 300 |
|
|
|a 2 audio discs ;
|c 4 3/4 in.
|
| 306 |
|
|
|a 004000
|a 000444
|a 000214
|a 000116
|a 000244
|a 000546
|a 000752
|a 000710
|a 002200
|a 002800
|a 002200
|
| 336 |
|
|
|a performed music
|b prm
|2 rdacontent
|
| 337 |
|
|
|a audio
|b s
|2 rdamedia
|
| 338 |
|
|
|a audio disc
|b sd
|2 rdacarrier
|
| 344 |
|
|
|a digital
|2 rdatr
|
| 344 |
|
|
|b optical
|2 rdarm
|
| 344 |
|
|
|c 1.4 m/s
|
| 347 |
|
|
|a audio file
|2 rdaft
|
| 347 |
|
|
|b CD audio
|
| 382 |
0 |
1 |
|a orchestra
|e 1
|t 1
|2 lcmpt
|
| 382 |
0 |
1 |
|a mixed chorus
|e 1
|a orchestra
|e 1
|t 2
|2 lcmpt
|
| 490 |
1 |
|
|a Igor Stravinsky edition ;
|v v. 4
|
| 500 |
|
|
|a Title from container spine.
|
| 511 |
0 |
|
|a Columbia Symphony Orchestra (1st-2nd works) ; CBC Symphony Orchestra (3rd-4th works) ; Festival Singers of Toronto (4th work) ; the composer conducting.
|
| 518 |
|
|
|a Recorded in Hollywood, New York City, and Toronto, Canada, 1961-1965.
|
| 500 |
|
|
|a "Consists of previously released material"--Container
|
| 500 |
|
|
|a Program notes by the composer and Phillip Ramey in English, French, and German, and Latin text of the 4th work with English, French and German translations (16 pages : illustrations)--in container.
|
| 505 |
0 |
|
|a Symphony in E flat (40:00) -- Portrait of Stravinsky : Stravinsky in rehearsal. Apollo (4:44) ; Sleeping beauty (2:14) ; Recollections of my childhood (1:16) ; Pulcinella (2:44) ; Piano concerto (5:46) ; Symphony in C (7:52) -- Stravinsky in his own words (7:10) -- Symphony in three movements (22:00) -- Symphony in C (28:00) -- Symphony of Psalms (22:00).
|
| 530 |
|
|
|a "Consists of previously released material"--Container
|
| 600 |
1 |
0 |
|a Stravinsky, Igor,
|d 1882-1971
|v Interviews.
|
| 650 |
|
0 |
|a Symphonies.
|
| 650 |
|
0 |
|a Choruses, Sacred (Mixed voices) with orchestra.
|
| 650 |
|
0 |
|a Music rehearsals.
|
| 650 |
|
6 |
|a Symphonies.
|
| 650 |
|
6 |
|a Chœurs sacrés (Voix mixtes) acc. d'orchestre.
|
| 650 |
|
6 |
|a Répétitions (Musique)
|
| 600 |
1 |
7 |
|a Stravinsky, Igor,
|d 1882-1971
|2 fast
|1 https://id.oclc.org/worldcat/entity/E39PBJy4hD69hhXQ7f8WGkpMfq
|
| 650 |
|
7 |
|a Choruses, Sacred (Mixed voices) with orchestra
|2 fast
|
| 650 |
|
7 |
|a Music rehearsals
|2 fast
|
| 650 |
|
7 |
|a Symphonies
|2 fast
|
| 655 |
|
0 |
|a Music rehearsals.
|
| 655 |
|
2 |
|a Interview
|
| 655 |
|
7 |
|a interviews.
|2 aat
|
| 655 |
|
7 |
|a symphonies (musical compositions)
|2 aat
|
| 655 |
|
7 |
|a Sacred music
|2 fast
|
| 655 |
|
7 |
|a Symphonies
|2 fast
|
| 655 |
|
7 |
|a Interviews
|2 fast
|
| 655 |
|
7 |
|a Symphonies.
|2 lcgft
|
| 655 |
|
7 |
|a Sacred music.
|2 lcgft
|
| 655 |
|
7 |
|a Interviews.
|2 lcgft
|
| 655 |
|
7 |
|a Symphonies.
|2 rvmgf
|
| 655 |
|
7 |
|a Musique sacrée.
|2 rvmgf
|
| 655 |
|
7 |
|a Interviews.
|2 rvmgf
|
| 700 |
1 |
|
|a Stravinsky, Igor,
|d 1882-1971.
|4 cnd
|1 https://id.oclc.org/worldcat/entity/E39PCjwhw7CJVHjrDYKJ88W8kC
|
| 700 |
1 |
2 |
|a Stravinsky, Igor,
|d 1882-1971.
|t Symphonies,
|n op. 1,
|r E♭ major.
|
| 700 |
1 |
2 |
|a Stravinsky, Igor,
|d 1882-1971.
|t Symphony in three movements.
|
| 700 |
1 |
2 |
|a Stravinsky, Igor,
|d 1882-1971.
|t Symphonies,
|r C.
|
| 700 |
1 |
2 |
|a Stravinsky, Igor,
|d 1882-1971.
|t Symphonie de Psaumes.
|
| 710 |
2 |
|
|a Columbia Symphony Orchestra.
|4 prf
|
| 710 |
2 |
|
|a CBC Symphony Orchestra.
|4 prf
|
| 710 |
2 |
|
|a Festival Singers of Toronto.
|4 prf
|
| 758 |
|
|
|i has work:
|a Selections Works (Music)
|1 https://id.oclc.org/worldcat/entity/E39PCGKfCrW4YMfKKTRBHTTxH3
|4 https://id.oclc.org/worldcat/ontology/hasWork
|
| 800 |
1 |
|
|a Stravinsky, Igor,
|d 1882-1971.
|t Selections (Sony Classical) ;
|v v. 4.
|
| 948 |
|
|
|h HELD BY TXA - 144 OTHER HOLDINGS
|
| 994 |
|
|
|a Z0
|b TXA
|
| 999 |
f |
f |
|s 074c75a7-664e-31ca-a8b7-1d378b6377d7
|i 2b613db5-3244-3015-83aa-6ef17ebf5dc7
|t 0
|
| 952 |
f |
f |
|p ric
|a Texas A&M University
|b Rellis Campus
|c Joint Library Facility
|s JLF
|d Remote Storage
|t 0
|e M1001.S932 S96 1991
|h Library of Congress classification
|i audio -- audio disc
|k disc.1
|m A14823304713
|